José Toribio Medina y su fundación literaria y bibliográfica del mundo colonial americano.
Saved in:
| Hovedforfatter: | |
|---|---|
| Format: | Bog |
| Sprog: | spansk |
| Udgivet: |
Santiago, Chile:
Dirección de Bibliotecas, Archivos y Museos (DIBAM); Centro de Investigaciones Diego Barros Arana,
2002.
|
| Serier: | Colección Sociedad y Cultura, 29.
|
| Fag: | |
| Tags: |
Tilføj Tag
Ingen Tags, Vær først til at tagge denne postø!
|
MARC
| LEADER | 00000nam a2200000 a 4500 | ||
|---|---|---|---|
| 001 | UCL0680 | ||
| 003 | CL-VaPUC | ||
| 005 | 20220822114351.0 | ||
| 008 | 030808e20020000CL |||||||||||||||||spa|d | ||
| 999 | |c 304495 |d 304493 | ||
| 020 | |a 956-244-147-4 | ||
| 040 | |c Pontificia Universidad Católica de Valparaíso | ||
| 082 | 0 | 4 | |a 983.061 ROV 2002 |2 21 |
| 100 | 0 | |a Rovira, José Carlos |e autor |9 477434 | |
| 245 | 1 | 0 | |a José Toribio Medina y su fundación literaria y bibliográfica del mundo colonial americano. |
| 260 | |a Santiago, Chile: |b Dirección de Bibliotecas, Archivos y Museos (DIBAM); |b Centro de Investigaciones Diego Barros Arana, |c 2002. | ||
| 300 | |a 147 páginas. | ||
| 490 | 0 | |a Colección Sociedad y Cultura, 29. | |
| 500 | |a c.2 Donación Familia Prof. Alejandro Guzmán Brito. | ||
| 583 | |a last modification |c 20030808 00:00:00 |k Rodrigo Vera | ||
| 600 | 0 | |a Medina, José Toribio, |d 1852-1930 |9 864344 | |
| 650 | 0 | |a Historia de América Latina |2 CL-VaPUC |9 421031 | |
| 942 | |c BK |2 ddc |n 0 | ||
| 945 | |d 20030808 00:00:00 |a cmena | ||
| 952 | |0 0 |1 0 |4 0 |6 983_061000000000000_ROV_2002 |7 0 |8 A |9 366827 |a BIBHIS |b BIBHIS |d 2019-11-21 |i 3926079 |o 983.061 ROV 2002 |p 3926079 |r 2025-01-20 |w 2019-11-21 |y BK |k HIS | ||
| 952 | |0 0 |1 0 |2 ddc |4 0 |6 983_061000000000000_ROV_2002 |7 1 |8 C_AGB |9 579712 |a BIBDER |b BIBDER |d 2021-12-21 |e Donación |i 5630304 |o 983.061 ROV 2002 |p 5630304 |r 2023-01-25 |t 2 |w 2021-12-21 |y BK_US |k AGB | ||